Matematika zbierka príkladov a testov

Bibliographic Details
Main Author: Sadloňová, Mária (Author)
Format: Book
Language:Slovak
PhysicalDescription:267 s. 30 cm
Published: Žilina Školmédia 2010
ISBN:9788089380121
Edition:10. dopl. a preprac. vyd.
Series:Edícia 2010+
Subjects:

MARC

LEADER 00000cam a2200000 a 4500
001 vtls010168370
003 SK-MaSNL
005 20260301031053.0
008 240315s2010 xo l c p 000 0 slo
015 |a SNBA2010/11-06201 
020 |a 9788089380121  |q (brož.) 
035 |a 07359C3A-975A-4D71-92C6-A87E9901D254 
035 |a urn:nbn:sk:snk-amk14x 
035 |a urn:nbn:sk:snk-am008771 
040 |a SNK  |b slo  |c SNK  |e AACR2 
041 0 |a slo 
044 |a xo  |c SK 
072 7 |a 51  |x Matematika  |2 konspekt 
072 7 |a 37.016  |x Učebné osnovy. Vyučovacie predmety. Učebnice  |2 konspekt 
080 |a 51  |2 2001 
080 |a 373.3.016  |2 2001 
080 |a 331.108.37  |2 2001 
080 |a 373.5/.6+377.1/.3  |2 2001 
080 |a (079.1)  |2 2001 
080 |a (076.5)  |2 2001 
100 1 |a Sadloňová, Mária  |4 aut  |9 46652 
245 1 0 |a Matematika  |b zbierka príkladov a testov  |c Mária Sadloňová 
250 |a 10. dopl. a preprac. vyd. 
260 |a Žilina  |b Školmédia  |c 2010 
300 |a 267 s.  |c 30 cm 
490 1 |a Edícia 2010+ 
650 0 7 |a matematika  |2 SNKPH  |9 70174 
650 0 7 |a učivo základných škôl  |2 SNKPH  |9 63300 
650 0 7 |a prijímacie pohovory  |2 SNK  |9 67194 
650 0 7 |a stredné školy  |2 SNKPH  |9 1279 
655 7 |a testy  |2 SNKPH  |9 70500 
655 7 |a praktické cvičenia  |2 SNKPH  |9 70517 
830 0 |a Edícia 2010+  |9 325959 
852 |a Štátna vedecká knižnica v Banskej Bystrici 
919 |a 978-80-89380-12-1 
968 |d 51 
999 |c 575855  |d 577785 
952 |a SNK  |b SNK  |y PREZ  |7 0  |p 17A0673021  |o snkSB 80168  |i snk2010/19891  |8 0  |0 0  |1 0  |4 0  |d 2010-09-14  |f 1  |l 0  |r 2025-05-05 00:00:00  |w 2026-02-23 
952 |a SNK  |b SNK  |y VYP  |7 0  |p 17A0673018  |o snkSB 80168 D1  |i snk2010/19892  |8 0  |0 0  |1 0  |4 0  |d 2010-09-14  |l 0  |r 2016-06-30 00:00:00  |w 2026-02-23